00000000nam##2200000za#4500
0019.518195
003CaOODSP
00520200327031548
007ta
008150406|1990||||xxc|||||     f|0| 0 fre|d
020 |a0-660-55824-6
022 |a0706-148X
040 |aCaOODSP|bfre
041 |aeng
041 |afre
043 |an-cn---
0861 |aS52-2/202
1101 |aCanada.|bSecrétariat d'État du Canada. |bBureau de la traduction.
24510|aNomenclature française des oiseaux d'Amérique du Nord / |cpar Henri Ouellet et al.
260 |aOttawa - Ontario : |bSecrétariat d'État du Canada. |c1990.
300 |a127p. : |c22 cm.
4901 |aBulletin de terminologie|x0706-148X|v202
500 |aProjet conjoint du Musée canadien de la nature et du Secrétariat d'État du Canada. «Le présent ouvrage [...] reprend, en la complétant, la liste déjà établie dans Les noms français des oiseaux d'Amérique du Nord, paru en 1983. [...] Les auteurs se sont fixé comme objectif principal d'attribuer un nom technique français à chacune des espèces d'oiseaux qui figurent dans l'ouvrage intitulé Check-list of North American Birds, 6e édition (American Ornithologists' Union 1983) et ses 35e, 36e et 37e suppléments (A.O.U. 1985, 1987, 1989).»--Page vii.
504 |aBibliographie.
5203 |aBulletin de terminologie 202. Cette publication comprend environ 2 000 entrées. Les auteurs se sont fixé comme objectif principal d'attribuer un nom français à chacune des espèces d'oiseaux qui figurent dans l'ouvrage intitulé "Check-list of North American Birds," 6e édition (American Ornithologists' Union 1983) et ses 35e, 36e et 37e suppléments (A.O.U. 1985, 1987, 1989). Ils ont donc repris la liste établie dans "Les noms français des oiseaux d'Amérique du Nord," publié en 1983, en y ajoutant 1 000 espèces néotropicales. Cette publication est destinée aux ornithologues francophones, tant canadiens qu'étrangers, qui ressentent la nécessité d'une nomenclature uniforme et cohérente.
546 |aBilingue
563 |aCouverture souple
590 |a91-09|b1991-03-01
69107|aOiseau|2gcpds
7201 |aOuellet, Henri
7760#|tFrench nomenclature of North American Birds / |w(CaOODSP)9.590501
791 |tFrench nomenclature of North American birds / |eeng|w(CaOODSP)9.518194
830#0|aBulletin de terminologie,|x0706-148X|v202|w(CaOODSP)9.509599